00321nam a2200133Ia 4500003000400000005001700004008004100021020002000062040001000082100002100092245005200113260001300165260000900178OSt20240513153107.0170524s9999 xx 000 0 und d a 978-1558602199 ciimtu aO Neil - Patrick 0aDatabase: Principles- Programming & Performance bElsevier c2010